Jednotné letecké predpisy. JAR-OPS 3. Obchodná letecká doprava. Vrtuľníky. Zmena textu 2. 1. január 2002.

Uloženo v:
Podrobná bibliografie
Médium: Kniha
Jazyk:slovenština
angličtina
Vydáno: Bratislava : Letové prevádzkové služby Slovenskej republiky, 2002
Vydání:[1. vyd.]
Témata:
ISBN:8096874748
On-line přístup: Získat plný text
Tagy: Přidat tag
Žádné tagy, Buďte první, kdo vytvoří štítek k tomuto záznamu!

MARC

LEADER 00000nam a2200000 4500
003 SK-BrCVT
005 20220617211630.0
008 040203s2002 xo e ||||||slo d
020 |a 8096874748 
035 |a CVTIDW0970820 
040 |b slo  |a CVTI SR 
041 0 |a slo  |a eng 
044 |a xo 
080 |a 656.7:006  |2 UDC-MRF 
080 |a 656.73:629.735.45  |2 UDC-MRF 
245 1 0 |a Jednotné letecké predpisy. JAR-OPS 3. Obchodná letecká doprava. Vrtuľníky. Zmena textu 2. 1. január 2002. 
250 |a [1. vyd.] 
260 |a Bratislava :  |b Letové prevádzkové služby Slovenskej republiky,  |c 2002 
300 |a [400 s.] :  |b grafy, obr., tab. ; 
653 1 |a výkonnostná trieda  |a letová posádka  |a nebezpečný tovar 
910 |b A589436 
919 |a 80-968747-4-8 
974 |f Knihy 
992 |a AIM 
999 |c 127821  |d 127821